Juan March : (Record no. 181490)

MARC details
000 -LEADER
campo de control de longitud fija 01009nam a2200277 i 4500
001 - NÚMERO DE CONTROL
campo de control 181490
003 - IDENTIFICADOR DE NÚMERO DE CONTROL
campo de control ES-MaACL
005 - FECHA Y HORA DE LA ÚLTIMA TRANSACCIÓN
campo de control 20231219062539.0
008 - DATOS DE LONGITUD FIJA--INFORMACIÓN GENERAL
campo de control de longitud fija 130123s2008 sp f 001 0bspa d
020 ## - NÚMERO INTERNACIONAL ESTÁNDAR DEL LIBRO
Número Internacional Estándar del Libro 978-84-666-3828-9
080 ## - NÚMERO DE LA CLASIFICACIÓN DECIMAL UNIVERSAL
Número de la Clasificación Decimal Universal 929 March, Juan
100 1# - ENTRADA PRINCIPAL--NOMBRE DE PERSONA
Nombre de persona Ferrer Guasp, Pere.
9 (RLIN) 152131
245 10 - MENCIÓN DEL TÍTULO
Título Juan March :
Resto del título el hombre más misterioso del mundo /
Mención de responsabilidad, etc. Pere Ferrer Guasp ; traducción de Juan Carlos Gentile Vitale.
250 ## - MENCION DE EDICION
Mención de edición 1ª ed.
260 ## - PUBLICACIÓN, DISTRIBUCIÓN, ETC.
Lugar de publicación, distribución, etc. Barcelona :
Nombre del editor, distribuidor, etc. Ediciones B,
Fecha de publicación, distribución, etc. 2008.
300 ## - DESCRIPCIÓN FÍSICA
Extensión 489 p., [24] p. de lám. ;
Dimensiones 24 cm.
490 1# - MENCIÓN DE SERIE
Mención de serie No ficción. Historia
504 ## - NOTA DE BIBLIOGRAFÍA, ETC.
Nota de bibliografía, etc. Bibliografía: p. 465-476.
600 14 - PUNTO DE ACCESO ADICIONAL DE MATERIA--NOMBRE DE PERSONA
Nombre de persona March, Juan (
Fechas asociadas al nombre 1880-1962)
9 (RLIN) 175565
700 1# - ENTRADA AGREGADA--NOMBRE PERSONAL
Nombre de persona Gentile Vitale, Juan Carlos.
9 (RLIN) 56361
830 1# - PUNTO DE ACCESO ADICIONAL DE SERIE-TÍTULO UNIFORME
Título uniforme No ficción. Historia
9 (RLIN) 189176
852 4# - LOCALIZACIÓN
Ubicación ES-MaACL
Número de control de estantería A-12560
itemnumber 188391
Sublocalización o colección R.148592
Ubicación en estantería Depósito 1
Signatura antigua Olim: N-5563
Encuadernación Donación: José Luis Abellán
903 ## - NOMBRE PERSONAL DE DONANTE
a Abellán, José Luis,
d 1933-2023
e Donante
q 1
9 176509
942 ## - ELEMENTOS DE ENTRADA SECUNDARIOS (KOHA)
Fuente del sistema de clasificación o colocación Clasificación decimal universal
Tipo de ítem Koha Libro impreso
Holdings
Estatus retirado Estado de pérdida Fuente del sistema de clasificación o colocación Estado de daño No para préstamo Biblioteca de origen Biblioteca actual Ubicación en estantería Fecha de adquisición Fuente de adquisición Total de préstamos Signatura topográfica completa Código de barras Visto por última vez Precio de reemplazo Tipo de ítem Koha
    Clasificación decimal universal     Biblioteca del Ateneo de Madrid Biblioteca del Ateneo de Madrid Depósito 1 23/01/2013 Donación   A-12560 1190730 23/02/2023 23/02/2023 Libro impreso